| 000 | 01509nam a22003135a 4500 | ||
|---|---|---|---|
| 005 | 2009081006166.0 | ||
| 008 | 090121s2009 ii b 000 0 eng d | ||
| 010 | _aENG-94691 B-464453 | ||
| 020 |
_a9788188965441 _c250.00 |
||
| 020 |
_a8188965448 _c250.00 |
||
| 035 | _aEN-78224 | ||
| 037 | _aDBAD / PUB | ||
| 040 |
_adpl _bEnglish |
||
| 082 | _a330.0820954 | ||
| 100 |
_aGhosh, Jayati. _955007 |
||
| 245 |
_aNever done and poorly paid : _bwomen's work in globalising India / _cby Jayati Ghosh |
||
| 260 |
_aNew Delhi _bWomen Unlimited (an associate of Kali for Women) _c2009 |
||
| 270 |
_aK-36, Hauz Khas Enclave, Ground Floor, _bNew Delhi _e110016 |
||
| 300 |
_aix, 185p. _c23cm(Hb) |
||
| 490 |
_aFeminist fine print ; _v6 _955008 |
||
| 504 | _aIncludes bibliographical references | ||
| 650 |
_aWomen employees _xEconomic conditions _zIndia. _955009 |
||
| 650 |
_aWomen _xEmployment _zIndia. _955010 |
||
| 650 |
_aWomen in economic development _zIndia. _955011 |
||
| 942 |
_2ddc _cEN _h330.0820954 _mGHO |
||
| 999 |
_c29074 _d29074 |
||